El hombre de las tres pelucas (Record no. 162156)

MARC details
000 -LEADER
campo de control de longitud fija 00637nam a22001695i 4500
001 - NÚMERO DE CONTROL
campo de control 162156
003 - IDENTIFICADOR DE NÚMERO DE CONTROL
campo de control ES-MaACL
005 - FECHA Y HORA DE LA ÚLTIMA TRANSACCIÓN
campo de control 20250930063143.0
008 - DATOS DE LONGITUD FIJA--INFORMACIÓN GENERAL
campo de control de longitud fija 041102s1876 sp |||| | spa d
040 ## - FUENTE DE CATALOGACIÓN
Centro catalogador/agencia de origen CAM
Lengua de catalogación spa
Centro/agencia transcriptor CAM
100 1# - ENTRADA PRINCIPAL--NOMBRE DE PERSONA
Nombre de persona Pina Domínguez, Mariano,
Fechas asociadas al nombre 1840-1895
9 (RLIN) 139971
245 13 - MENCIÓN DEL TÍTULO
Título El hombre de las tres pelucas
Resto del título : novela festiva /
Mención de responsabilidad, etc. original de Mariano Pina Dominguez.
260 ## - PUBLICACIÓN, DISTRIBUCIÓN, ETC.
Lugar de publicación, distribución, etc. Madrid :
Nombre del editor, distribuidor, etc. Urbano Manini, Editor,
Fecha de publicación, distribución, etc. 1876 (
Fabricante Imprenta á cargo de J. Peña)
300 ## - DESCRIPCIÓN FÍSICA
Extensión 237, [2] p. ;
Dimensiones 18 cm.
852 ## - LOCALIZACIÓN
Ubicación ES-MaACL
Número de control de estantería G-10956
Nota libre -- Enc. hol.
-- -- Ex-libris ms. de Gustavo Saenz Diez
Holdings
Estatus retirado Estado de pérdida Estado de daño No para préstamo Colección Biblioteca de origen Biblioteca actual Ubicación en estantería Fecha de adquisición Fuente de adquisición Total de préstamos Signatura topográfica completa Código de barras Visto por última vez Precio de reemplazo Tipo de ítem Koha
        Libros del s. XIX Biblioteca del Ateneo de Madrid Biblioteca del Ateneo de Madrid Sala Pecera Planta 3 17/01/2008     G-10956 1169876 23/02/2023 23/02/2023 Libro impreso antiguo